Plus Grandes Villes Luxembourg, Kosovo, Madédoine, Malte, Monténégro - Statistiques

Statistiques générales
  • Ce quiz a été pris 160 fois
  • Le résultat moyen est 6 sur 25
Statistiques - réponses
Ville
Population
(en milliers)
% Correct
Kosovo Pristina 145
90%
Luxembourg Luxembourg 124
81%
Macédoine Skopje 467
72%
Monténégro Podgorica 143
63%
Prizren 85
45%
Esch sur Alzette 36
33%
Gjilan 54
27%
Mitrovica 46
25%
Peja 48
21%
Bar 14
19%
Dudelange 21
18%
Differdange 27
16%
Tetovo 52
15%
Bitola 74
14%
Malte Birkirkara 22
13%
Niksic 58
11%
Koumanovo 70
8%
Ettelbruck 9
6%
Prilep 66
5%
San Pawl il Bahar 20
5%
Bijelo Polje 15
4%
Pljevlja 21
4%
Il Mosta 20
2%
Iz Zurrieq 21
1%
Tas Silema 17
0%
Aucun quiz correspondant
Distribution des résultats
% des personnes avec chaque résultat
Percentile par nombre de réponses
Votre historique - résultats
Vous n’avez pas pris ce quiz